Normal view
MARC view
Entry Topical Term
001 - CONTROL NUMBER
- control field: 37535
003 - CONTROL NUMBER IDENTIFIER
- control field: ARRUPE
005 - DATE AND TIME OF LATEST TRANSACTION
- control field: 20171110101003.0
008 - FIXED-LENGTH DATA ELEMENTS
- fixed length control field: 171110|| aca||aabn | a|a d
040 ## - CATALOGING SOURCE
- Original cataloging agency: ARRUPE
- Transcribing agency: ARRUPE
150 ## - HEADING--TOPICAL TERM
- Topical term or geographic name as entry element: Autibiography
- General subdivision: Authorship
670 ## - SOURCE DATA FOUND
- Source citation: Work cat.: (ARRUPE): Hutch, Richard A. 37534, The meaning of lives, 1997